| 000 | nam a22 a 4500 | ||
|---|---|---|---|
| 999 |
_c1536 _d1536 |
||
| 003 | AKMAL | ||
| 005 | 20170511085431.0 | ||
| 008 | 170511s2005 my | e | a000 s eng d | ||
| 020 | _a9832220076 | ||
| 040 | _aAKMAL | ||
| 082 | 0 | 4 |
_a327.595 SYE _222 |
| 090 | 0 | 0 |
_a327.595 _bSYE |
| 100 | 0 |
_aSyed Hamid Albar, _cDato' Seri, _d1944- _93076 |
|
| 245 | 1 | 0 |
_aSelected foreign policy speeches / _cDato' Seri Syed Hamid Albar |
| 260 |
_aKuala Lumpur : _bInstitute of Diplomacy and Foreign Relations, _c2005 |
||
| 300 |
_a595p. ; _c22cm. |
||
| 650 | 1 | 0 |
_aInternational relations _9282 |
| 650 | 2 | 0 |
_aSpeeches, addresses, etc. _954 |
| 651 | 0 |
_aMalaysia _xForeign relations _911 |
|
| 856 | 4 | 1 |
_uhttp://www.pnm.my/tag856/Syed/c.c.pdf _yc.c.pdf |
| 942 |
_2ddc _cBOOK |
||